Largest Languages With No Official Status - Statistics

General Stats
  • This quiz has been taken 35 times
  • The average score is 6 of 23
Answer Stats
Country of Origin Speakers Language % Correct
China 77 milion Wu
90%
Italy 5-10 million Sicilian
73%
China, Vietnam, Laos, Thailand 4 million Hmong
60%
Indonesia 42 million Sundanese
60%
Italy 5-6 million Neapolitan
47%
Italy 8 million Venetian
43%
Indonesia 4 million Balinese
37%
China 30-36 million Xiang
33%
Syria 2 million Aramaic
30%
China 22 million Gan
20%
Indonesia 3.5 million Acehnese
17%
Indonesia 13 million Madurese
17%
China 2 million Yi
17%
Sierra Leone 6 million Krio
10%
Kenya, Tanzania 2 million Maasai
10%
China 2 million Northern Min
10%
Indonesia 3.5 million Banjar
7%
Indonesia 7 million Batak
3%
India 6 million Bhili
3%
Indonesia 7 million Minangkabau
3%
Tanzania 8.1 million Sukuma
3%
India 3-5 million Tulu
3%
Indonesia 4 million Bugis
0%
No matching quizzes found
Score Distribution
Percent of People with Each Score
Percentile by Number Answered
Your Score History
You have not taken this quiz